| 000 | 00517nam a2200205Ia 4500 | ||
|---|---|---|---|
| 003 | OSt | ||
| 005 | 20220107122646.0 | ||
| 008 | 130318s9999 xx 000 0 und d | ||
| 020 | _a198065442 | ||
| 040 | _cIIITMK | ||
| 082 | _a005.73C THA/D | ||
| 100 |
_aThareja, Reema _910643 |
||
| 245 | _aData structures using C | ||
| 260 |
_bOxford University Press _aNew Delhi _c2011 |
||
| 300 | _a656 | ||
| 650 |
_aC _910644 |
||
| 650 |
_aDATA STRUCTURES _910645 |
||
| 650 |
_aPROGRAMMING LANGUAGE _910646 |
||
| 942 |
_2ddc _cBK |
||
| 999 |
_c1956 _d1956 |
||